[Event "Bogota Superate Intercol Adv B"]
[Site "Bogota"]
[Date "2014.10.28"]
[Round "1.2"]
[White "Ricciulli Vargas, Roberth Eliece"]
[Black "Zapata Arbelaes, Estiven"]
[Result "1-0"]
[WhiteElo "1748"]
[BlackElo "2048"]
[PlyCount "87"]
[EventDate "2014.10.28"]
[EventType "swiss (blitz)"]
[EventRounds "8"]
[EventCountry "COL"]
[SourceTitle "EXT 2024"]
[Source "ChessBase"]
[SourceDate "2023.10.10"]
[SourceVersion "1"]
[SourceVersionDate "2023.10.10"]
[SourceQuality "1"]

1. e4 e5 2. Nf3 Nc6 3. d4 exd4 4. Bc4 Nf6 5. 0-0 Nxe4 6. Re1 d5 7. Bxd5 Qxd5 8. Nc3 Qa5 9. Nxe4 Be6 10. Neg5 0-0-0 11. Nxe6 fxe6 12. Rxe6 Qf5 13. Qe2 Bc5 14. Bg5 Rdf8 15. Re1 Qd5 16. b3 h6 17. Bd2 g5 18. Qe4 Qxe4 19. R1xe4 Rhg8 20. g3 g4 21. Ne5 Nxe5 22. R6xe5 b6 23. Bxh6 Rf3 24. Re8+ Rxe8 25. Rxe8+ Kd7 26. Re2 d3 27. cxd3 Rxd3 28. Rd2 Rxd2 29. Bxd2 Ke6 30. Kg2 Bd4 31. f3 gxf3+ 32. Kxf3 c5 33. h4 b5 34. Be3 Ke5 35. Bxd4+ Kxd4 36. h5 c4 37. h6 c3 38. h7 c2 39. h8Q+ Kd3 40. Qd8+ Kc3 41. Qf6+ Kd2 42. Qb2 Kd1 43. g4 b4 44. g5 1-0

[Event "Bogota Superate Intercol Adv-B"]
[Site "Bogota"]
[Date "2014.10.27"]
[Round "5.7"]
[White "Ricciulli Vargas, Roberth Eliece"]
[Black "Ardila Perez, Pedro Ferney"]
[Result "1-0"]
[WhiteElo "1826"]
[BlackElo "1628"]
[PlyCount "50"]
[EventDate "2014.10.25"]
[EventType "swiss (rapid)"]
[EventRounds "6"]
[EventCountry "COL"]
[SourceTitle "EXT 2024"]
[Source "ChessBase"]
[SourceDate "2023.10.10"]
[SourceVersion "1"]
[SourceVersionDate "2023.10.10"]
[SourceQuality "1"]

1. e4 c5 2. Nf3 d6 3. Bb5+ Bd7 4. Bxd7+ Qxd7 5. c4 Nf6 6. Nc3 Nc6 7. d4 cxd4 8. Nxd4 g6 9. f3 Bg7 10. Be3 0-0 11. 0-0 Rac8 12. b3 h5 13. Rc1 a6 14. Qd2 Nxd4 15. Bxd4 b5 16. cxb5 axb5 17. Kh1 b4 18. Bxf6 Bxf6 19. Nd5 Bc3 20. Nxc3 bxc3 21. Rxc3 Qa7 22. Rfc1 Rxc3 23. Rxc3 Ra8 24. a4 Qa6 25. Qd3 Qa5 1-0